Islamic Economies Stability, Markets and Endowments /

This book explores contemporary empirical issues in Islamic economics. It begins by outlining current trends in Islamic economics and before identifying gaps in the empirical research. It then goes on to discuss the role of institutions in economic growth for Islamic countries, and the fiscal aspect...

Full description

Bibliographic Details
Corporate Author: SpringerLink (Online service)
Other Authors: Alam, Nafis (Editor), Rizvi, Syed Aun R. (Editor)
Format: Electronic eBook
Language:English
Published: Cham : Springer International Publishing : Imprint: Palgrave Macmillan, 2017.
Series:Palgrave CIBFR Studies in Islamic Finance
Subjects:
Online Access:Full Text via HEAL-Link
LEADER 03728nam a22004575i 4500
001 978-3-319-47937-8
003 DE-He213
005 20170825085545.0
007 cr nn 008mamaa
008 170825s2017 gw | s |||| 0|eng d
020 |a 9783319479378  |9 978-3-319-47937-8 
024 7 |a 10.1007/978-3-319-47937-8  |2 doi 
040 |d GrThAP 
050 4 |a HB172.5 
072 7 |a KCB  |2 bicssc 
072 7 |a KCBM  |2 bicssc 
072 7 |a BUS039000  |2 bisacsh 
072 7 |a BUS045000  |2 bisacsh 
082 0 4 |a 339  |2 23 
245 1 0 |a Islamic Economies  |h [electronic resource] :  |b Stability, Markets and Endowments /  |c edited by Nafis Alam, Syed Aun R. Rizvi. 
264 1 |a Cham :  |b Springer International Publishing :  |b Imprint: Palgrave Macmillan,  |c 2017. 
300 |a XI, 129 p. 2 illus.  |b online resource. 
336 |a text  |b txt  |2 rdacontent 
337 |a computer  |b c  |2 rdamedia 
338 |a online resource  |b cr  |2 rdacarrier 
347 |a text file  |b PDF  |2 rda 
490 1 |a Palgrave CIBFR Studies in Islamic Finance 
505 0 |a Chapter 1: Islamic Economics' Contribution to Conventional Economics -- Chapter 2: Islamic Financial Planning towards a Sustainable eco-Growth -- Chapter 3: Remittances, Political Stability and Economic Development: Empirical Evidence from OIC countries -- Chapter 4: Mitigating Shadow Economy Through Dual Banking Sector Development in Malaysia -- Chapter 5: Islamic Common Market. An Alternative Model to Globalization -- Chapter 6: Issues deter the propelling growth of awqaf in Bangladesh: The way forward to its developments and widening the scope of its benefits -- Chapter 7: Money in Islamic Banking System. 
520 |a This book explores contemporary empirical issues in Islamic economics. It begins by outlining current trends in Islamic economics and before identifying gaps in the empirical research. It then goes on to discuss the role of institutions in economic growth for Islamic countries, and the fiscal aspects of Islamic economics. It explores issues in debt and growth, as well as the instruments of monetary management in Islamic economics. It analyses the trade-off between growth and stability and concludes with discussion of Zakat and Waqf in driving growth. Nafis Alam is an Associate Professor at the University of Nottingham, Malaysia. He has been involved in academia related to Islamic finance for nearly a decade. He has co-authored three books in Islamic finance, among them is an Encyclopaedia of Islamic Finance. Nafis is also the founding Director for Centre for Islamic Business and Finance Research (CIBFR) at University of Nottingham Malaysia Campus. Syed Aun R. Rizvi is an Assistant Professor at Suleman Dawood School of Business at Lahore University of Management Sciences (LUMS), Pakistan. He is also a Research Affiliate of Centre for Islamic Business and Finance Research (CIBFR) at University of Nottingham Malaysia Campus, Malaysia, where he previously served in a similar academic role for over two years. He has considerable industry experience in fund management, as well as a diverse teaching and research background. His research focuses on capital markets in Islamic and emerging economies. 
650 0 |a Macroeconomics. 
650 1 4 |a Economics. 
650 2 4 |a Macroeconomics/Monetary Economics//Financial Economics. 
700 1 |a Alam, Nafis.  |e editor. 
700 1 |a Rizvi, Syed Aun R.  |e editor. 
710 2 |a SpringerLink (Online service) 
773 0 |t Springer eBooks 
776 0 8 |i Printed edition:  |z 9783319479361 
830 0 |a Palgrave CIBFR Studies in Islamic Finance 
856 4 0 |u http://dx.doi.org/10.1007/978-3-319-47937-8  |z Full Text via HEAL-Link 
912 |a ZDB-2-ECF 
950 |a Economics and Finance (Springer-41170)